| Tag |
First Indicator |
Second Indicator |
Subfields |
| LEADER |
00000cam a22000004a 4500 |
| 001 |
in00001733113 |
| 005 |
20151024211843.0 |
| 008 |
020215s2002 ii a b 001 0 eng |
| 010 |
|
|
|a 2002022694
|
| 020 |
|
|
|a 0761995439 (C)
|
| 020 |
|
|
|a 8178290227 (India : HB)
|
| 035 |
|
|
|a (OCoLC)ocm49225923
|
| 040 |
|
|
|a DLC
|c DLC
|d C#P
|d TXA
|d UtOrBLW
|
| 042 |
|
|
|a pcc
|
| 049 |
|
|
|a TXAM
|
| 050 |
0 |
0 |
|a HD9000.5
|b .S83 2002
|
| 082 |
0 |
0 |
|a 338.1/9
|2 21
|
| 245 |
0 |
0 |
|a Sustainable agriculture and food security :
|b the impact of globalisation /
|c edited by Vandana Shiva, Gitanjali Bedi.
|
| 264 |
|
1 |
|a New Delhi ;
|a Thousand Oaks, Calif. :
|b Sage Publications,
|c 2002.
|
| 300 |
|
|
|a 513 pages :
|b illustrations ;
|c 23 cm.
|
| 336 |
|
|
|a text
|b txt
|2 rdacontent
|
| 337 |
|
|
|a unmediated
|b n
|2 rdamedia
|
| 338 |
|
|
|a volume
|b nc
|2 rdacarrier
|
| 504 |
|
|
|a Includes bibliographical references and index.
|
| 650 |
|
0 |
|a Food industry and trade.
|
| 650 |
|
0 |
|a Globalization.
|
| 650 |
|
0 |
|a Sustainable agriculture.
|
| 650 |
|
0 |
|a International trade.
|
| 700 |
1 |
|
|a Shiva, Vandana.
|
| 700 |
1 |
|
|a Bedi, Gitanjali.
|
| 948 |
|
|
|a cataloged
|b h
|c 2003/2/21
|d c
|e ceaton
|f 1:53:12 pm
|
| 994 |
|
|
|a E0
|b TXA
|
| 999 |
|
|
|a MARS
|
| 999 |
f |
f |
|s 8c2f91e8-9ed2-3463-9602-eb7e6011fd70
|i 4d15bc02-9a65-338f-b7c9-a377001d7885
|t 0
|
| 952 |
f |
f |
|p ric
|a Texas A&M University
|b Rellis Campus
|c Joint Library Facility
|d Remote Storage
|t 0
|e HD9000.5 .S83 2002
|h Library of Congress classification
|i unmediated -- volume
|m A14829820686
|
| 998 |
f |
f |
|a HD9000.5 .S83 2002
|t 0
|l Remote Storage
|